00321 2200133 4500001002100000005001500021035002000036245003000056100002000086260003700106082000800143084001400151990002200165INLIS00000000000248320250604111138 a0010-06250000691 aKiamat /cSugeng Prayitno0 aSugeng Prayitno aJakarta :bTrigenda Karya,c1996 a800 a800 SUG k a000066 s/d 000067